💡 Villes avec le plus d’universités dans le monde - Statistiques

Statistiques générales
  • Ce quiz a Ă©tĂ© pris 68 fois
  • Le rĂ©sultat moyen est 15 sur 20
Statistiques - réponses
n° Indice Réponse % Correct
1 Capitale du Japon Tokyo
100%
4 Big Ben, double-deckers et fish & chips Londres
98%
7 Hollywood, palmiers et embouteillages Los-Angeles
98%
6 Ville lumière, croissants et Tour en fer Paris
98%
10 Tacos, aztèques et métro le plus dense du monde Mexico
97%
2 "The Big Apple" New-York
97%
5 Siège de Samsung et capitale de la K-pop Séoul
95%
3 Connue pour la Porte de l'Inde et le Fort Rouge Delhi
94%
9 Cité interdite et place Tian'anmen Pékin
94%
12 Ville Ă  cheval sur deux continents Istanbul
86%
11 Capitale de Bollywood et des dabbawalas Mumbai
86%
13 Ville tentaculaire, samba et trafic fou SĂŁo Paulo
78%
14 Coupoles colorées et métro somptueux Moscou
76%
18 Tuk-tuks, temples dorés et chaleur humide Bangkok
60%
15 Berceau du jazz et du deep-dish pizza Chicago
59%
16 CN Tower et multiculturalisme Toronto
56%
8 Gratte-ciel du Bund, perle de l’Orient Shanghai
51%
17 Capitale insulaire sujette aux inondations Jakarta
43%
20 Jeepneys, espagnol fantĂ´me et archipel Manille
27%
19 Ville de Mère Teresa et capitale culturelle de l'Inde Kolkata
21%
Aucun quiz correspondant
Distribution des résultats
% des personnes avec chaque résultat
Percentile par nombre de réponses
Votre historique - résultats
Vous n’avez pas pris ce quiz